Honební zákon pro markrabství Moravské

Language: Czech
Published: Brno : Nákladem Selských Hlasů, 1913
Physical Description: 57 s. : il. ; 18 cm
Book
Saved in:
LEADER 01070nam a2200361 a 4500
001 000823730
003 CZ BrMZK
005 20060922144934.0
007 ta
008 060816s1913 xr a er 000 0 cze
040 |a BOA001  |b cze 
043 |a e-xr---  |b e-xr-mr  |2 czenas 
080 |a 639.1  |2 MRF 
080 |a 639.1.052/.053  |2 MRF 
080 |a 347.246  |2 MRF 
080 |a (437.3)  |2 MRF 
080 |a (437.32)  |2 MRF 
080 |a (094.5)  |2 MRF 
080 |a (041)  |2 MRF 
245 0 0 |a Honební zákon pro markrabství Moravské 
260 |a Brno :  |b Nákladem Selských Hlasů,  |c 1913 
300 |a 57 s. :  |b il. ;  |c 18 cm 
650 0 7 |a myslivost  |7 ph115386  |z r. 1913  |y Česko  |2 czenas 
650 0 7 |a honitby  |7 ph134806  |z Česko  |2 czenas 
655 7 |a zákony  |7 fd133886  |2 czenas 
655 7 |a brožury  |7 fd131925  |2 czenas 
651 7 |a Morava (Česko)  |7 ge130070  |2 czenas 
910 2 |a BOA001  |b 1-1174.045 
990 |a BK 
995 |a 60 
993 |a Y 
991 |b 200609 
996 6 |b 2610287778  |c 1-1174.045  |l MZK  |r Sklad / do 1 hodiny  |n 0  |p dar  |w 000823730  |u 000010  |a 1  |e BOA001  |j MZK50  |s P